000 00605 a2200205 4500
999 _c8710
_d8710
020 _a0198761287
020 _a0198761295 (pbk.) :
050 0 0 _aKD810LAW 1982
100 1 _aLawson, F. H.
_d1897-
_eauthor
245 1 4 _aThe law of property /
_cby F.H. Lawson and Bernard Rudden.
250 _a2nd ed.
264 _aOxford:
_bclarendon press.,
_c1982
300 _aix, 247 p. ;
440 0 _aClarendon law series
500 _aRev. ed. of: Introduction to the law of property. 1958.
500 _aIncludes index.
650 0 _aProperty
700 1 _aRudden, Bernard.
942 _2lcc
_cBK
_h810
_iLAW
_kKD